<?xml version="1.0" encoding="UTF-8"?>
<record
    xmlns:xsi="http://www.w3.org/2001/XMLSchema-instance"
    xsi:schemaLocation="http://www.loc.gov/MARC21/slim http://www.loc.gov/standards/marcxml/schema/MARC21slim.xsd"
    xmlns="http://www.loc.gov/MARC21/slim">

  <leader>02743nam a22002057a 4500</leader>
  <controlfield tag="008">250408b        |||||||| |||| 00| 0 eng d</controlfield>
  <datafield tag="020" ind1=" " ind2=" ">
    <subfield code="a">9782080453051</subfield>
  </datafield>
  <datafield tag="040" ind1=" " ind2=" ">
    <subfield code="c">tbs</subfield>
  </datafield>
  <datafield tag="041" ind1=" " ind2=" ">
    <subfield code="a">fre</subfield>
  </datafield>
  <datafield tag="100" ind1=" " ind2=" ">
    <subfield code="a">Sibony, Olivier</subfield>
    <subfield code="d">1967-</subfield>
    <subfield code="9">24933</subfield>
    <subfield code="e">author</subfield>
  </datafield>
  <datafield tag="245" ind1=" " ind2=" ">
    <subfield code="a">La diversit&#xE9; n'est pas ce que vous croyez ! </subfield>
    <subfield code="b">: id&#xE9;es re&#xE7;ues, impasses, et comment en sortir</subfield>
    <subfield code="c">/ Olivier Sibony.</subfield>
  </datafield>
  <datafield tag="260" ind1=" " ind2=" ">
    <subfield code="a">[Paris] : </subfield>
    <subfield code="b">Flammarion, DL </subfield>
    <subfield code="c">2025.</subfield>
  </datafield>
  <datafield tag="300" ind1=" " ind2=" ">
    <subfield code="a">301 pages :</subfield>
    <subfield code="b">illustrations, tables (black and white) ;</subfield>
    <subfield code="c">21 cm.</subfield>
  </datafield>
  <datafield tag="520" ind1=" " ind2=" ">
    <subfield code="a">Si Lehman Brothers avait &#xE9;t&#xE9; Lehman Sisters, la crise &#xE9;conomique de 2008 aurait &#xE9;t&#xE9; bien diff&#xE9;rente. Derri&#xE8;re cette c&#xE9;l&#xE8;bre boutade de Christine Lagarde, l affaire semble entendue : le manque de mixit&#xE9; dans les entreprises nuit gravement &#xE0; leurs performances. N est-il pas admis que la diversit&#xE9; est un gage de r&#xE9;ussite ? Voil&#xE0; pourquoi de nombreuses organisations en font une priorit&#xE9;. Et pourtant, paradoxalement, les r&#xE9;sultats sont minces notamment en mati&#xE8;re d &#xE9;galit&#xE9; hommes-femmes o&#xF9; le retard est flagrant. Quelle en est la cause ? Faut-il incriminer les biais cognitifs, qui entraveraient les d&#xE9;cisions de managers pourtant pleins de bonne volont&#xE9; ? Si la diversit&#xE9; est r&#xE9;ellement profitable, pourquoi se r&#xE9;v&#xE8;le-t-elle si difficile &#xE0; atteindre ? Fort de son exp&#xE9;rience du monde de l entreprise et s appuyant sur les recherches les plus r&#xE9;centes, Olivier Sibony d&#xE9;crypte les v&#xE9;ritables causes de cette homog&#xE9;n&#xE9;it&#xE9; persistante et propose cinq axes d action concrets pour y rem&#xE9;dier. Pour qu enfin les &#xE9;quipes de direction soient plus diverses et meilleures.</subfield>
  </datafield>
  <datafield tag="520" ind1=" " ind2=" ">
    <subfield code="a">If Lehman Brothers had been Lehman Sisters, the 2008 economic crisis would have been very different. Behind this famous quip by Christine Lagarde lies a widely accepted idea: the lack of diversity in companies seriously harms their performance. Isn't it commonly agreed that diversity is a key to success? That&#x2019;s why many organizations have made it a priority. And yet, paradoxically, the results remain limited&#x2014;particularly when it comes to gender equality, where the gap is glaring.

What&#x2019;s the reason for this? Should we blame cognitive biases that hinder the decisions of well-intentioned managers? If diversity is truly beneficial, why is it so difficult to achieve?

Drawing on his extensive experience in the corporate world and the latest research, Olivier Sibony unpacks the real causes behind this persistent homogeneity and offers five concrete action plans to remedy it. So that, at last, leadership teams can become more diverse&#x2014;and better.</subfield>
  </datafield>
  <datafield tag="650" ind1=" " ind2="0">
    <subfield code="a">Discrimination in employment</subfield>
    <subfield code="9">25146</subfield>
  </datafield>
  <datafield tag="650" ind1=" " ind2="0">
    <subfield code="a">Diversity in the workplace</subfield>
    <subfield code="9">7273</subfield>
  </datafield>
  <datafield tag="650" ind1=" " ind2="0">
    <subfield code="a">Leadership</subfield>
    <subfield code="9">2600</subfield>
  </datafield>
  <datafield tag="942" ind1=" " ind2=" ">
    <subfield code="2">lcc</subfield>
  </datafield>
  <datafield tag="952" ind1=" " ind2=" ">
    <subfield code="0">0</subfield>
    <subfield code="1">0</subfield>
    <subfield code="2">lcc</subfield>
    <subfield code="4">0</subfield>
    <subfield code="7">0</subfield>
    <subfield code="a">TBS</subfield>
    <subfield code="b">TBS</subfield>
    <subfield code="d">2025-04-08</subfield>
    <subfield code="l">1</subfield>
    <subfield code="o">HF5549.5 SIB</subfield>
    <subfield code="p">B05892</subfield>
    <subfield code="r">2025-06-11</subfield>
    <subfield code="s">2025-04-11</subfield>
    <subfield code="t">1</subfield>
    <subfield code="w">2025-04-08</subfield>
    <subfield code="y">1</subfield>
  </datafield>
  <datafield tag="999" ind1=" " ind2=" ">
    <subfield code="c">4637</subfield>
    <subfield code="d">4637</subfield>
  </datafield>
</record>
